000 01977cam a22004814i 4500
003 PE-LiUPU
005 20250731173342.0
008 150706s r 000 0 d
020 _a8479142960
035 _a(Sirsi) i9788479142964
040 _aPE-LiUPU
_bspa
_cPE-LiUPU
_erda
049 _aPRUA
082 0 4 _a232.96
_bM63
_221
100 1 _aMier, Francisco De,
_eautor.
245 1 0 _aSobre la pasión de Cristo :
_bsíntesis teológica, exegética y pastoral : pasión por la humanidad, pasión por la vida, pasión entregada, pasión causada /
_cFrancisco de Mier.
264 1 _aMadrid :
_bBiblioteca de Autores Cristianos,
_c2005.
300 _a512 páginas ;
_c21 centímetros
336 _atext
_2rdacontent
337 _aunmediated
_2rdamedia
338 _avolume
_2rdacarrier
490 0 _aEstudios y ensayos ;
_v88. Teología
505 0 _aEn un huerto: Getsemaní -- Prendimiento o arresto -- En un Sanedrín: proceso religioso ante el tribunal judío -- En un pretorio: proceso ante Plato -- En el monte Gólgota: la crucifixión -- Entre cielo y tierra: muerte de Jesús -- En un sepulcro: el sepelio -- Sin lugar: resurrección.
526 _aSEG42
526 _aSEG41
526 _aSEG40
526 _aSEG39
526 _aP94
526 _aP87
526 _aP86
526 _aP85
526 _aP77
526 _aP76
526 _aP35
541 _g007-0020316;
650 0 4 _aPasión de Jesús.
650 0 4 _aResurrección de Jesús.
910 _bjv
_cng
_d20090911
942 _2ddc
_cBOOK
949 _a232.96 M63
_wDEWEY
_c1
_i60323
_lCCODEBUL1
_mBUL
_p41.00
_r0
_sY
_tBOOK
_u2015-7-6
_xTEOLOGIA
_zUNKNOWN
_0COMPRA
_o.STAFF. Colección General
994 _aC0
_bPEPRU
596 _a1
999 _a232.96 M63
_wDEWEY
_c49785
_i60323
_d49785
_f2021-11-10
_g5
_lCCODEBUL1
_mBUL
_p41.00
_q1
_r0
_sY
_tBOOK
_u2015-7-6
_xTEOLOGIA
_zUNKNOWN
_0COMPRA
_o.STAFF. Colección General
980 _81
_gALBERTO SANCHEZ Responsable de Automatización